| 000 | 00919nam a22002417a 4500 | ||
|---|---|---|---|
| 005 | 20240530110519.0 | ||
| 008 | 160215s2013 su a g b 000 0 ara d | ||
| 017 |
_a1433/779 _bالسعودية . مكتبة الملك فهد الوطنية |
||
| 020 | _a9786038120248 | ||
| 040 | _aEG-CaGPL | ||
| 082 | 0 | 4 |
_221 _a155.92\ _bف إ |
| 100 | 0 | _aفوزية عبدالله الجلامدة . | |
| 245 | 1 | 0 |
_aاضطرابات التواصل لدى التوحديين / _cفوزية عبدالله الجلامدة ، نجوى حسن . |
| 250 | _aط1. | ||
| 260 |
_aالرياض : _bدار الزهراء ، _c2013 . |
||
| 300 |
_a447 ص : _bايض ؛ _c24 سم . |
||
| 650 | 0 | 4 | _aالتوحد . |
| 650 | 0 | 4 | _aالاطفال بطيئو التعلم . |
| 650 | 0 | 4 | _aالطفل التوحدى . |
| 700 | 0 |
_aنجوى حسن _eمؤلف مشارك . |
|
| 942 |
_2ddc _cBK |
||
| 999 |
_c61858 _d61858 |
||